<?xml version="1.0" encoding="UTF-8"?>
<collection xmlns="http://www.loc.gov/MARC21/slim">
 <record>
  <leader>02046nam a2200277 a 4500</leader>
  <controlfield tag="001">1/52054</controlfield>
  <controlfield tag="008">210419s2019####gr a     b    001 | bin d</controlfield>
  <datafield tag="020" ind1=" " ind2=" ">
   <subfield code="a">9789604187065 </subfield>
  </datafield>
  <datafield tag="040" ind1=" " ind2=" ">
   <subfield code="a">GR-PeUP</subfield>
  </datafield>
  <datafield tag="082" ind1="0" ind2="0">
   <subfield code="a">371.3 ΨΥΧ</subfield>
  </datafield>
  <datafield tag="100" ind1="1" ind2=" ">
   <subfield code="a">Ψυχάρης, Σαράντος.</subfield>
  </datafield>
  <datafield tag="245" ind1="0" ind2="0">
   <subfield code="a">Διδακτική και σχεδιασμός εκπαιδευτικών δραστηριοτήτων STEM και ΤΠΕ / </subfield>
   <subfield code="c">Σαράντος Ψυχάρης και Κωνσταντίνος Καλοβρέκτης.</subfield>
  </datafield>
  <datafield tag="260" ind1=" " ind2=" ">
   <subfield code="a">Θεσσαλονίκη :</subfield>
   <subfield code="b">Εκδόσεις Τζιόλα,</subfield>
   <subfield code="c">2019.</subfield>
  </datafield>
  <datafield tag="300" ind1=" " ind2=" ">
   <subfield code="a">xiv, 592 σ. :</subfield>
   <subfield code="b">εικ., πίν.</subfield>
   <subfield code="c">30 εκ.</subfield>
  </datafield>
  <datafield tag="500" ind1=" " ind2=" ">
   <subfield code="a">Απο το εξώφυλλο: Παραδείγματα διδακτικών σεναρίων - Παραδείγματα εκπαιδευτικών δραστηριοτήτων - Βίντεο εργαστηριακών πρακτικών με Auduino και Raspberry pi - Δραστηριότητες με συνδέσμους αρχείων 3D εκτύπωσης.</subfield>
  </datafield>
  <datafield tag="500" ind1=" " ind2=" ">
   <subfield code="a">QRbiblio: Επισκεφτείτε την ιστοσελίδα https://tziola.gr/book/didaktiki-stem-tpe/ για περισσότερες πληροφορίες και πρόσβαση στο εμπλουτισμένο περιεχόμενο του βιβλίου.</subfield>
  </datafield>
  <datafield tag="504" ind1=" " ind2=" ">
   <subfield code="a">Περιλαμβάνει βιβλιογραφικές παραπομπές (σ. 581-590) και ευρετήριο.</subfield>
  </datafield>
  <datafield tag="650" ind1=" " ind2="4">
   <subfield code="a">Εκπαιδευτική τεχνολογία.</subfield>
  </datafield>
  <datafield tag="650" ind1=" " ind2="0">
   <subfield code="a">Educational technology.</subfield>
  </datafield>
  <datafield tag="650" ind1=" " ind2="4">
   <subfield code="a">Συστήματα πολυμέσων </subfield>
   <subfield code="x">Σπουδή και διδασκαλία.</subfield>
  </datafield>
  <datafield tag="650" ind1=" " ind2="0">
   <subfield code="a">Multimedia systems.</subfield>
  </datafield>
  <datafield tag="700" ind1="1" ind2=" ">
   <subfield code="a">Καλοβρέκτης, Κωνσταντίνος.</subfield>
  </datafield>
  <datafield tag="852" ind1=" " ind2=" ">
   <subfield code="a">INST</subfield>
   <subfield code="b">UNIPILB</subfield>
   <subfield code="c">MAIN</subfield>
   <subfield code="e">20210419</subfield>
   <subfield code="h">371.3 ΨΥΧ</subfield>
   <subfield code="p">00185275</subfield>
   <subfield code="q">00185275</subfield>
   <subfield code="t">LOAN</subfield>
   <subfield code="y">0</subfield>
   <subfield code="4">1</subfield>
  </datafield>
  <datafield tag="852" ind1=" " ind2=" ">
   <subfield code="a">INST</subfield>
   <subfield code="b">UNIPILB</subfield>
   <subfield code="c">MAIN</subfield>
   <subfield code="e">20210419</subfield>
   <subfield code="h">371.3 ΨΥΧ</subfield>
   <subfield code="p">00185276</subfield>
   <subfield code="q">00185276</subfield>
   <subfield code="t">LOAN</subfield>
   <subfield code="y">0</subfield>
   <subfield code="4">2</subfield>
  </datafield>
  <datafield tag="852" ind1=" " ind2=" ">
   <subfield code="a">INST</subfield>
   <subfield code="b">UNIPILB</subfield>
   <subfield code="c">MAIN</subfield>
   <subfield code="e">20210419</subfield>
   <subfield code="h">371.3 ΨΥΧ</subfield>
   <subfield code="p">00185277</subfield>
   <subfield code="q">00185277</subfield>
   <subfield code="t">LOAN</subfield>
   <subfield code="y">0</subfield>
   <subfield code="4">3</subfield>
  </datafield>
  <datafield tag="856" ind1="4" ind2=" ">
   <subfield code="a">https://tziola.gr/book/didaktiki-stem-tpe/</subfield>
  </datafield>
 </record>
</collection>
